=LDR 00000nam 2200000 4500 =001 INLIS000000000036258 =005 20180509113016 =035 ##$$a 0010-061300000036258 =008 180509###########################0###### =041 ##$$a Ind =082 ##$$a 028.5 =090 ##$$a 028.5, Mis m =100 ##$$a Misrawi, Zuhairi =245 1#$$a Mekkah, Zuhairi Misrawi /$c editor, Mira Rainayati =260 ##$$a Bandung :$b Pustaka Oasis,$c 2011 =300 ##$$a 24 hlm : $b Ilus ; $c 23 cm =650 ##$$a Bacaan kanak-kanak =850 ##$$a NBPNMAT =020 ##$$a 9789790259652 =084 ##$$a 028.5 Mis m =710 ##$$a Rainayati, Mira =990 ##$$a 21195737/BPAP-NTB/2014 =990 ##$$a 0001/BPAP-NTB/2015 =990 ##$$a 74047404 =990 ##$$a 21101998 =990 ##$$a 21195737/BPAP-NTB/2014 =990 ##$$a 0001/BPAP-NTB/2015